La metamorfosis del racismo en Guatemala = (Record no. 75)

MARC details
000 -LEADER
campo de control de longitud fija 01158nam a2200325 a 4500
001 - NÚMERO DE CONTROL
campo de control 4518350
003 - IDENTIFICADOR DE NÚMERO DE CONTROL
campo de control 000073
005 - FECHA Y HORA DE LA ÚLTIMA TRANSACCIÓN
campo de control 20220326193248.0
008 - DATOS DE LONGITUD FIJA--INFORMACIÓN GENERAL
campo de control de longitud fija 981218s1998 gt a b 000 0 spa
010 ## - NÚMERO DE CONTROL DE LA BIBLIOTECA DEL CONGRESO
Número de control de LC 98232853
020 ## - NÚMERO INTERNACIONAL ESTÁNDAR DEL LIBRO
Número Internacional Estándar del Libro 8489451354
040 ## - FUENTE DE CATALOGACIÓN
Centro catalogador/agencia de origen DLC
Centro/agencia transcriptor DLC
043 ## - CÓDIGO DE ÁREA GEOGRÁFICA
Código de área geográfica ncgt---
050 00 - SIGNATURA TOPOGRÁFICA DE LA BIBLIOTECA DEL CONGRESO
Número de clasificación F1477.A1
Número de ítem C37 1998
082 00 - NÚMERO DE LA CLASIFICACIÓN DECIMAL DEWEY
Número de clasificación 305.806
Número de ítem C336m
Número de edición 21
100 2# - ENTRADA PRINCIPAL--NOMBRE DE PERSONA
Nombre de persona Casaús Arzú, Marta.
9 (RLIN) 377
245 13 - MENCIÓN DEL TÍTULO
Título La metamorfosis del racismo en Guatemala =
Resto del título Uk'exwachixiik ri kaxlan na'ooj pa iximuleew /
Mención de responsabilidad, etc. Marta Elena Casaús Arzú.
246 30 - FORMA VARIANTE DEL TITULO
Título propio/Titulo breve Exwachixiik ri kaxlan na'ooj pa iximuleew
246 31 - FORMA VARIANTE DEL TITULO
Título propio/Titulo breve Uk'exwachixiik ri kaxlan na'ooj pa iximuleew
250 ## - MENCION DE EDICION
Mención de edición 1. ed.
260 ## - PUBLICACIÓN, DISTRIBUCIÓN, ETC.
Lugar de publicación, distribución, etc. Guatemala :
Nombre del editor, distribuidor, etc. Editorial Cholsamaj,
Fecha de publicación, distribución, etc. 1998.
300 ## - DESCRIPCIÓN FÍSICA
Extensión 163 p. :
Otras características físicas ill. ;
Dimensiones 21 cm.
504 ## - NOTA DE BIBLIOGRAFÍA, ETC.
Nota de bibliografía, etc. Includes bibliographical references (p. [147]-163).
650 #0 - PUNTO DE ACCESO ADICIONAL DE MATERIA--TÉRMINO DE MATERIA
Término de materia o nombre geográfico como elemento de entrada Racism
Subdivisión geográfica Guatemala.
9 (RLIN) 378
650 #0 - PUNTO DE ACCESO ADICIONAL DE MATERIA--TÉRMINO DE MATERIA
Término de materia o nombre geográfico como elemento de entrada Discriminación racial
9 (RLIN) 379
650 #0 - PUNTO DE ACCESO ADICIONAL DE MATERIA--TÉRMINO DE MATERIA
Término de materia o nombre geográfico como elemento de entrada Genocidio
9 (RLIN) 380
651 #0 - PUNTO DE ACCESO ADICIONAL DE MATERIA--NOMBRE GEOGRÁFICO
Nombre geográfico Guatemala
Subdivisión general Race relations.
9 (RLIN) 381
906 ## - ELEMENTOS DE DATOS F LOCAL, LDF (RLIN)
a 7
b cbc
c orignew
d 2
e ncip
f 19
g y-gencatlg
Holdings
Estatus retirado Estado de pérdida Fuente del sistema de clasificación o colocación Estado de daño No para préstamo Biblioteca de origen Biblioteca actual Ubicación en estantería Fecha de adquisición Total de préstamos Signatura topográfica completa Código de barras Visto por última vez Precio de reemplazo Tipo de ítem Koha
    Clasificación Decimal Dewey     Biblioteca LadoV Biblioteca LadoV   24/04/2014   305.806 C336m 000073 24/04/2014 24/04/2014 Material 01